000 01628nam0a2200409 4500
001 RU\NLR\bibl\397986
005 20250622162903.0
010 _a5-7654-2752-9
_bВ пер.
_975000
021 _aRU
_b2003-11880
_9545
035 _a(NLR Aleph) 000392198
090 _a522698
_c522698
100 _a20030425d2003 |||y0rusy50 ca
101 0 _arus
102 _aRU
105 _ay |||||||||
200 1 _aБез любви
_eРоман
_fБ.К. Седов
210 _aСПб.
_cНева
_d2003
215 _a376, [1] с.
_d21
300 _aЗагл. пер. и корешка : Воровская любовь. Без любви
311 _aПродолж. трилогии "Знахарь". 3-я ч. трилогии "Воровская любовь". Продолж. кн. "Без надежды"
488 0 _12001#$aЗнахарь
_1700#1$aСедов$bБ. К.$4070
_tЗнахарь
_aСедов, Б. К.
488 0 _12001#$aБез надежды
_1700#1$aСедов$bБ. К.$4070
_tБез надежды
_aСедов, Б. К.
512 1 _6z45790
_aВоровская любовь. Без любви
610 0 _aДетективные романы и рассказы (х. л.)
675 _a821.161.1-31Седов
_v3
_zrus
686 _a17.82
_2rugasnti
686 _a84(2Рос-Рус)6-44
_2rubbk
686 _aШ6(2=Р)75-446
700 1 _aСедов
_bБ. К.
_4070
790 1 _6z45512
_aСедов
_bБ. К.
_4070
801 0 _aRU
_bRKP
_c20030425
_gPSBO
801 1 _aRU
_bRKP
_c20030425
801 2 _aRU
_bNLR
_c20030528
_grcr
942 _cBOOK
980 _aNB